|
|
|
|
| LEADER |
01825nam a2200517 i 4500 |
| 001 |
nkc20213349084 |
| 003 |
CZ PrNK |
| 005 |
20220531085559.0 |
| 007 |
ta |
| 008 |
210830s2022 xr a e 000 0 cze |
| 015 |
|
|
|a cnb003349084
|
| 020 |
|
|
|a 978-80-11-00322-7
|q (vázáno)
|
| 035 |
|
|
|a (OCoLC)1329407824
|
| 040 |
|
|
|a BOA001
|b cze
|e rda
|
| 043 |
|
|
|a s------
|a sn-----
|
| 072 |
|
7 |
|a 913(8)
|x Geografie Jižní Ameriky, reálie, cestování
|2 Konspekt
|9 7
|
| 080 |
|
|
|a 913:910.4
|2 MRF
|
| 080 |
|
|
|a 913(8-15)
|2 MRF
|
| 080 |
|
|
|a (8)
|2 MRF
|
| 080 |
|
|
|a (8-15)
|2 MRF
|
| 080 |
|
|
|a (0:82-992)
|2 MRF
|
| 080 |
|
|
|a (084.12)
|2 MRF
|
| 100 |
1 |
|
|a Svoboda, Pavel,
|d 1985-
|7 mzk2017969804
|4 aut
|4 pht
|
| 245 |
1 |
0 |
|a Napříč Jižní Amerikou :
|b 7 měsíců a 7 dnů /
|c Pavel Svoboda
|
| 250 |
|
|
|a Druhé, doplněné vydání
|
| 264 |
|
1 |
|a Praha :
|b vydáno nákladem autora,
|c 2022
|
| 300 |
|
|
|a 165 stran :
|b barevné ilustrace ;
|c 22 x 24 cm
|
| 336 |
|
|
|a text
|b txt
|2 rdacontent
|
| 336 |
|
|
|a statický obraz
|b sti
|2 rdacontent
|
| 337 |
|
|
|a bez média
|b n
|2 rdamedia
|
| 338 |
|
|
|a svazek
|b nc
|2 rdacarrier
|
| 500 |
|
|
|a "Fotografie: Pavel Svoboda"--Tiráž
|
| 650 |
0 |
7 |
|a cesty a pobyt
|7 ph137578
|z Jižní Amerika
|2 czenas
|
| 650 |
0 |
9 |
|a travels and stays
|z South America
|2 eczenas
|
| 651 |
|
7 |
|a Andy (pohoří : oblast)
|7 ge317389
|x reálie
|2 czenas
|
| 651 |
|
9 |
|a Andes Region
|x description and travel
|2 eczenas
|
| 655 |
|
7 |
|a cestopisy
|7 fd131956
|2 czenas
|
| 655 |
|
7 |
|a fotografické publikace
|7 fd132276
|2 czenas
|
| 655 |
|
9 |
|a books of travels
|2 eczenas
|
| 655 |
|
9 |
|a photographical works
|2 eczenas
|
| 910 |
2 |
|
|a BOA001
|b 2-1486.141
|
| 928 |
9 |
|
|a Pavel Svoboda
|
| 990 |
|
|
|a BK
|
| 995 |
|
|
|a 01
|
| 991 |
|
|
|b 202205
|c NOV
|
| 996 |
6 |
|
|b 2610901534
|c 2-1486.141
|l MZK
|r Sklad / do 1 hodiny
|n 0
|p p.v.
|w 001885644
|u 000010
|a 1
|e BOA001
|j MZK50
|s P
|